| 000 | 00388 a2200169 4500 | ||
|---|---|---|---|
| 001 | 186683 | ||
| 020 | _a978-85-329-0313-6 | ||
| 040 | _cMagnum | ||
| 100 | _aCasasanta, Therezinha | ||
| 240 | 1 | 0 |
_aAmigos até debaixo d´água _lpor |
| 245 | 1 | 0 | _aAmigos até debaixo d´água |
| 300 | _a19 | ||
| 362 | 0 | _a2009 | |
| 440 | 1 | _aLê | |
| 697 | _aLITERATURA INFANTO-JUVENIL | ||
| 942 | _cBK | ||
| 999 |
_c186683 _d186683 |
||